Les vieux garçons (Record no. 164808)

MARC details
000 -LEADER
campo de control de longitud fija 00733nam a22001815i 4500
001 - NÚMERO DE CONTROL
campo de control 164808
003 - IDENTIFICADOR DE NÚMERO DE CONTROL
campo de control ES-MaACL
005 - FECHA Y HORA DE LA ÚLTIMA TRANSACCIÓN
campo de control 20230906213018.0
008 - DATOS DE LONGITUD FIJA--INFORMACIÓN GENERAL
campo de control de longitud fija 050809s1865 fr | |||||||| ||fre d
040 ## - FUENTE DE CATALOGACIÓN
Centro catalogador/agencia de origen CAM
Lengua de catalogación spa
Centro/agencia transcriptor CAM
100 1# - ENTRADA PRINCIPAL--NOMBRE DE PERSONA
Nombre de persona Sardou, Victorien.
9 (RLIN) 103800
245 14 - MENCIÓN DEL TÍTULO
Título Les vieux garçons
Resto del título : comédie en cinq actes, en prose /
Mención de responsabilidad, etc. par Victorien Sardou.
250 ## - MENCION DE EDICION
Mención de edición 4e éd.
260 ## - PUBLICACIÓN, DISTRIBUCIÓN, ETC.
Lugar de publicación, distribución, etc. Paris :
Nombre del editor, distribuidor, etc. Michel Lévy frères libraires éditeurs,
Fecha de publicación, distribución, etc. 1865 (
Fabricante Imprimerie de J. Claye)
300 ## - DESCRIPCIÓN FÍSICA
Extensión 173 p. ;
Dimensiones 19 cm.
500 ## - NOTA GENERAL
Nota general Représentée pour la première fois á Paris, sur le théatre du Gymnase, le 21 janvier 1865.
852 ## - LOCALIZACIÓN
Ubicación ES-MaACL
Número de control de estantería T-729-F-3
Nota libre -- Enc. hol. conservando la cub. original
-- -- Enc. en un vol. facticio
Holdings
Estatus retirado Estado de pérdida Estado de daño No para préstamo Colección Biblioteca de origen Biblioteca actual Ubicación en estantería Fecha de adquisición Total de préstamos Signatura topográfica completa Código de barras Visto por última vez Precio de reemplazo Tipo de ítem Koha
        Colección de folletos Biblioteca del Ateneo de Madrid Biblioteca del Ateneo de Madrid Depósito folletos 17/01/2008   T-729-F-3 1172766 23/02/2023 23/02/2023 Folleto